| 000 | 00971nac a22002531u 4500 | ||
|---|---|---|---|
| 010 | _a81008212 | ||
| 020 | _a0070528640 : | ||
| 082 | 0 | 0 |
_a658.15 _bR569 |
| 090 |
_c1758 _d1758 |
||
| 100 | _aRiggs, James L. | ||
| 245 | 1 | 0 |
_aEssentials of engineering economics / _cJames L. Riggs. |
| 260 |
_aNew York : _bMcGraw-Hill, _cc1982. |
||
| 300 |
_axv, 557 p. : _bill. ; _c24 cm. |
||
| 440 | 0 | _aMcGraw-Hill series in industrial engineering and management science | |
| 500 | _aContains the first nineteen chapters of the author's Engineering economics. 2nd ed. c1982. | ||
| 500 | _aIncludes index. | ||
| 500 | _aDonations | ||
| 500 | _aDonations - Dr. Mostafa Gouda | ||
| 504 | _aBibliography: p. 511-513. | ||
| 650 | 0 | _aEngineering economy. | |
| 650 | 0 | _aManagerial economics. | |
| 942 |
_cBB _k658.15R569 |
||
| 999 |
_c1758 _d1758 |
||